000 00977nam a2200277 i 4500
001 bg
003 KOSZ 005
005 20200403104904.0
008 071106s1968 pl a f f 001 0 pol
015 _aPB 1968/3464
040 _aWA N
_cKOSZ 005/RW
_dKOSZ 005/RW
080 _a620.1:539.3/.6
100 1 _aJakubowicz, Antoni
_d(?-1999)
_eAutor
245 1 0 _aWytrzymałość materiałów /
_cAntoni Jakubowicz, Zbigniew Orłoś.
250 _aWyd. 2.
260 _aWarszawa :
_bWydawnictwa Naukowo-Techniczne,
_c1968.
300 _a626, [2] s. :
_bil. ;
_c25 cm.
380 _aKsiążki.
504 _aBibliogr. s. 619-[620]. Indeks.
650 4 _aWytrzymałość materiałów
655 4 _aPodręcznik
710 2 _aWydawnictwa Naukowo-Techniczne
_4pbl.
700 1 _aOrłoś, Zbigniew
_d(1921-2014)
_eAutor
856 _uhttp://koha.tu.koszalin.pl/cgi-bin/koha/opac-detail.pl?biblionumber=11405
_yKatalog online BPK
942 _2UKD
_cKS
999 _c11405
_d11405